| 000 | 00579nam a22001697a 4500 | ||
|---|---|---|---|
| 003 | PILC | ||
| 005 | 20250212115655.0 | ||
| 008 | 150605b xxu||||| |||| 00| 0 eng d | ||
| 050 |
_aQA 76.5 _b.L732 2007 |
||
| 100 | _aLim, Lorenzo G.H. | ||
| 245 |
_aSouthville international school and colleges science laboratory inventory system / _cLorenzo G.H. Lim. |
||
| 260 |
_aLas PiƱas City: _bSISC, _c2007. |
||
| 300 |
_axi, 100 pages : _billustrations ; _c28 cm. |
||
| 500 | _aIncludes bibliographical references and appendices. | ||
| 650 | _aInventory system. | ||
| 942 |
_2lcc _cTH _kLOC |
||
| 999 |
_c284761 _d284761 |
||